[Event "Championnat du Gard"]
[Site "?"]
[Date "2012.05.17"]
[Round "?"]
[White "Bouguerra, Tayeb"]
[Black "Dussol, Pierre"]
[Result "1-0"]
[WhiteElo "1972"]
[BlackElo "2198"]
[PlyCount "66"]
[EventDate "2012.05.18"]
[EventRounds "4"]
[SourceDate "2012.05.18"]

1. f4 Nf6 2. e3 g6 3. Nf3 Bg7 4. d4 O-O 5. Bd3 d6 6. O-O b6 7. Nbd2 c5 8. c3
Ba6 9. Bxa6 Nxa6 10. Qe2 Nc7 11. e4 cxd4 12. Nxd4 Rc8 13. f5 e5 14. N4f3 Re8
15. fxg6 hxg6 16. Nc4 Nxe4 17. Qxe4 d5 18. Qg4 dxc4 19. Bg5 Qd5 20. Rad1 Qc5+
21. Kh1 e4 22. Nd4 Nd5 23. Qd7 Ne7 24. Rxf7 Bxd4 25. Rxe7 Rxe7 26. Bxe7 Qf5 27.
Qxd4 Re8 28. Bh4 e3 29. Qxc4+ Kh7 30. Rf1 Qe4 31. Qf7+ Kh6 32. Bg3 e2 33. Re1
g5 1-0

[Event "Championnat du Gard"]
[Site "?"]
[Date "2012.05.17"]
[Round "?"]
[White "Montsma, Foppe-Jan"]
[Black "Delaplace, Thomas"]
[Result "0-1"]
[WhiteElo "1946"]
[BlackElo "1947"]
[PlyCount "60"]
[EventDate "2012.05.18"]
[EventRounds "4"]
[SourceDate "2012.05.18"]

1. d4 c6 2. Nf3 Nf6 3. Bf4 g6 4. e3 Bg7 5. c3 O-O 6. Nbd2 d6 7. Be2 Nbd7 8. h3
Nd5 9. Bg3 e5 10. c4 Nc7 11. Ne4 Qe7 12. dxe5 dxe5 13. Qd6 Qxd6 14. Nxd6 Ne6
15. O-O-O Rd8 16. Rd2 f6 17. Rhd1 Ndc5 18. b4 Rxd6 19. Rxd6 Ne4 20. R6d3 Nxg3
21. fxg3 e4 22. R3d2 exf3 23. gxf3 f5 24. c5 Kf7 25. a3 a5 26. b5 Bh6 27. f4
Bf8 28. Bc4 cxb5 29. Bxb5 Nxc5 30. Bc4+ Be6 0-1

[Event "Championnat du Gard"]
[Site "?"]
[Date "2012.05.17"]
[Round "?"]
[White "Duff, Rufus"]
[Black "Bauer, Christian"]
[Result "0-1"]
[WhiteElo "2128"]
[BlackElo "2672"]
[PlyCount "64"]
[EventDate "2012.05.18"]
[EventRounds "4"]
[SourceDate "2012.05.18"]

1. e4 e6 2. d4 d5 3. Nd2 Nc6 4. Ngf3 Nf6 5. e5 Nd7 6. Be2 f6 7. exf6 Nxf6 8.
O-O Bd6 9. c4 O-O 10. c5 Bf4 11. Nb3 Ne4 12. Bxf4 Rxf4 13. Nc1 Ng5 14. Nb3
Nxf3+ 15. Bxf3 Qf6 16. Re1 a5 17. a4 Bd7 18. Re3 Nxd4 19. Nxd4 Rxd4 20. Qe1 Rb4
21. b3 c6 22. Rb1 Rf8 23. Qe2 Rf4 24. Rf1 Qd4 25. g3 R4f6 26. Bg4 Qxc5 27.
Bxe6+ Bxe6 28. Rxe6 h6 29. Re7 Rxf2 30. Rxf2 Rxf2 31. Qxf2 Qxe7 32. Qb6 Qe1+
0-1

[Event "Championnat du Gard"]
[Site "?"]
[Date "2012.05.17"]
[Round "?"]
[White "Lenfant, François"]
[Black "Duff, Rufus"]
[Result "0-1"]
[WhiteElo "2086"]
[BlackElo "2128"]
[PlyCount "114"]
[EventDate "2012.05.17"]
[EventRounds "1"]
[SourceDate "2012.05.18"]

1. d4 d5 2. c4 c6 3. Nf3 Nf6 4. e3 e6 5. Nc3 Nbd7 6. Qc2 Bd6 7. e4 dxe4 8. Nxe4
Nxe4 9. Qxe4 Nf6 10. Qc2 c5 11. dxc5 Bxc5 12. Be2 O-O 13. O-O Qc7 14. a3 a5 15.
Bd2 a4 16. Bc3 Bd7 17. Ng5 e5 18. Bd3 h6 19. Nh7 Nxh7 20. Bxh7+ Kh8 21. Be4
Rac8 22. Rad1 f5 23. Bd5 b5 24. Qe2 Bd6 25. c5 Bxc5 26. Bxe5 Rfe8 27. Bxc7 Rxe2
28. Bf3 Rxf2 29. Rxf2 Rxc7 30. Rd5 Be3 31. Kf1 Be6 32. Re2 Bxd5 33. Bxd5 f4 34.
g3 g5 35. gxf4 gxf4 36. Be4 Rc1+ 37. Re1 Rc4 38. Bd3 Rc5 39. Re2 Rg5 40. Rg2
Rd5 41. Bc2 f3 42. Rg6 Rd2 43. Re6 Rxc2 44. Rxe3 Rxb2 45. Rxf3 Rxh2 46. Rf8+
Kg7 47. Rb8 Rb2 48. Rb6 h5 49. Kg1 h4 50. Kh1 h3 51. Kg1 Kf7 52. Kh1 Ke7 53.
Kg1 Kd7 54. Kh1 Kc7 55. Rh6 Rb3 56. Rh7+ Kb6 57. Rh6+ Ka5 0-1

[Event "Championnat du Gard"]
[Site "?"]
[Date "2012.05.17"]
[Round "?"]
[White "Dussol, Pierre"]
[Black "Delaplace, Thomas"]
[Result "1-0"]
[WhiteElo "2198"]
[BlackElo "1946"]
[PlyCount "77"]
[EventDate "2012.05.17"]
[EventRounds "1"]
[SourceDate "2012.05.18"]

1. d4 Nf6 2. c4 c5 3. d5 e6 4. Nc3 exd5 5. cxd5 d6 6. Nf3 g6 7. Bf4 Na6 8. h3
Nc7 9. e4 Rb8 10. Bd3 b5 11. O-O b4 12. e5 Nfxd5 13. Nxd5 Nxd5 14. Bb5+ Rxb5
15. Qxd5 Bg7 16. Bg5 Be6 17. Qc6+ Qd7 18. Qa8+ Qc8 19. Qxc8+ Bxc8 20. exd6 Be6
21. Rad1 Kd7 22. b3 Bc3 23. Bd2 Bxd2 24. Rxd2 f6 25. Rc1 Rc8 26. Rd3 Rc6 27.
Nd2 Bf5 28. Rf3 Rxd6 29. Nc4 Re6 30. Rd1+ Kc7 31. g4 Be4 32. Re3 f5 33. Rde1
Ra6 34. f3 Bc6 35. Re7+ Kd8 36. Rxh7 Bd7 37. Rd1 Rb7 38. Ne5 Rxa2 39. gxf5 1-0

[Event "Championnat du Gard"]
[Site "?"]
[Date "2012.05.17"]
[Round "?"]
[White "Mora, Pascal"]
[Black "Montsma, Foppe-Jan"]
[Result "1-0"]
[WhiteElo "2084"]
[BlackElo "1946"]
[PlyCount "73"]
[EventDate "2012.05.17"]
[EventRounds "1"]
[SourceDate "2012.05.18"]

1. e4 e5 2. Nf3 Nc6 3. d4 exd4 4. Nxd4 g6 5. Nc3 Bg7 6. Nxc6 bxc6 7. Bc4 d6 8.
O-O Ne7 9. Bg5 O-O 10. f4 Be6 11. Bd3 f6 12. Bh4 Rb8 13. Rb1 Qd7 14. Qe2 Rfe8
15. f5 Bf7 16. fxg6 Nxg6 17. Bxf6 Ne5 18. Bxg7 Kxg7 19. Qf2 Re6 20. Qxa7 Rg8
21. Ne2 Rh6 22. Qe3 Ng4 23. Qd4+ Ne5 24. Ng3 Rg6 25. Rf2 c5 26. Qc3 Be6 27.
Nh5+ Kh8 28. Nf6 Rxg2+ 29. Rxg2 Rxg2+ 30. Kxg2 Qg7+ 31. Kh1 Qxf6 32. Rf1 Qg6
33. Qa5 c4 34. Qa8+ Bg8 35. Be2 d5 36. Qf8 Qxe4+ 37. Bf3 1-0

[Event "Championnat du Gard"]
[Site "?"]
[Date "2012.05.17"]
[Round "?"]
[White "Bauer, Christian"]
[Black "Bouguerra, Tayeb"]
[Result "1-0"]
[WhiteElo "2672"]
[BlackElo "1972"]
[PlyCount "77"]
[EventDate "2012.05.17"]
[EventRounds "1"]
[SourceDate "2012.05.18"]

1. e4 d6 2. Nc3 e5 3. Nf3 Bg4 4. d4 Nd7 5. Be2 Ngf6 6. Ng1 Bxe2 7. Ngxe2 Be7 8.
O-O O-O 9. f3 c6 10. a4 a5 11. b3 Nh5 12. Kh1 Bg5 13. Ba3 Be7 14. Qd2 Bg5 15.
Qe1 Be7 16. Rd1 Re8 17. Qd2 Bg5 18. Qd3 Nf8 19. g3 Qf6 20. f4 exf4 21. g4 Qh6
22. gxh5 Rad8 23. Qf3 Re6 24. d5 Re7 25. Nd4 g6 26. dxc6 f5 27. cxb7 Rxb7 28.
exf5 Re7 29. Nc6 Re3 30. Qd5+ Kg7 31. Ne4 Qxh5 32. f6+ Bxf6 33. Qxh5 gxh5 34.
Nxf6 Rc8 35. Rxd6 Ng6 36. Nxh5+ Kh6 37. Nxf4 Kg7 38. Bb2+ Kh6 39. Nxg6 1-0

[Event "Championnat du Gard"]
[Site "?"]
[Date "2012.05.18"]
[Round "?"]
[White "Dussol, Pierre"]
[Black "Duff, Rufus"]
[Result "1-0"]
[WhiteElo "2198"]
[BlackElo "2128"]
[PlyCount "55"]
[EventDate "2012.05.18"]
[EventRounds "4"]
[SourceDate "2012.05.18"]

1. e4 e5 2. Nf3 Nc6 3. Bb5 a6 4. Ba4 Nf6 5. d3 d6 6. c4 Be7 7. Nc3 O-O 8. Bxc6
bxc6 9. h3 Rb8 10. d4 exd4 11. Nxd4 Bd7 12. O-O c5 13. Nde2 Bc6 14. Qc2 Re8 15.
b3 Bf8 16. f3 Nd7 17. Bb2 Ne5 18. Rad1 Bd7 19. Nd5 Nc6 20. Nef4 Nb4 21. Qf2
Nxd5 22. Rxd5 Bc6 23. Qg3 Bxd5 24. Bxg7 Bxg7 25. Nh5 Kf8 26. Qxg7+ Ke7 27. exd5
Kd7 28. Qg4+ 1-0

[Event "Championnat du Gard"]
[Site "?"]
[Date "2012.05.18"]
[Round "?"]
[White "Lenfant, François"]
[Black "Montsma , Foppe-Jan"]
[Result "1-0"]
[WhiteElo "2086"]
[BlackElo "1947"]
[PlyCount "75"]
[EventDate "2012.05.18"]
[EventRounds "4"]
[SourceDate "2012.05.18"]

1. d4 d6 2. c4 g6 3. Nf3 Bg7 4. g3 f5 5. Bg2 c6 6. O-O Nf6 7. Nc3 O-O 8. Qc2
Na6 9. a3 Nc7 10. Rd1 Qe8 11. d5 c5 12. Rb1 a5 13. b4 cxb4 14. axb4 axb4 15.
Rxb4 Ne4 16. Nxe4 fxe4 17. Qxe4 Na6 18. Rb5 h6 19. Bb2 Nc5 20. Qe3 Qf7 21. Bxg7
Qxg7 22. Nd4 Ra4 23. Qc1 Bd7 24. Rb1 g5 25. Qc2 Qf6 26. f3 Rfa8 27. Qb2 Rxc4
28. Ra1 Rxa1 29. Qxa1 Ra4 30. Qb2 Qg7 31. Qd2 Kh7 32. Ne6 Bxe6 33. dxe6 Qe5 34.
Bh3 Kg7 35. Qc2 Rb4 36. Rd2 Nxe6 37. Bxe6 Qxe6 38. Qc3+ 1-0

[Event "Championnat du Gard"]
[Site "?"]
[Date "2012.05.18"]
[Round "?"]
[White "Delaplace, Thomas"]
[Black "Bouguerra, Tayeb"]
[Result "1/2-1/2"]
[WhiteElo "1946"]
[BlackElo "1972"]
[Annotator ",Microsoft"]
[PlyCount "49"]
[EventDate "2012.05.18"]
[EventRounds "4"]
[SourceDate "2012.05.18"]

1. e4 d6 2. g3 Nf6 3. Bg2 e5 4. Ne2 Be7 5. c3 Nbd7 6. Na3 c6 7. f4 b5 8. Qc2
Nc5 9. d3 Qb6 10. h3 O-O 11. Be3 Qc7 12. b4 Na4 13. O-O Bb7 14. Qd2 c5 15. bxc5
dxc5 16. Rab1 a6 17. fxe5 Qxe5 18. g4 b4 19. d4 cxd4 20. Bxd4 Nxe4 21. Bxe5
Nxd2 22. Bxb7 Ra7 23. Bd5 Bg5 24. Bd4 Nxb1 25. Rxb1 {Suite illisible Suite
illisible} 1/2-1/2

[Event "Championnat du Gard"]
[Site "?"]
[Date "2012.05.18"]
[Round "?"]
[White "Bauer, Christian"]
[Black "Mora, Pascal"]
[Result "1-0"]
[WhiteElo "2672"]
[BlackElo "2082"]
[PlyCount "97"]
[EventDate "2012.05.18"]
[EventRounds "4"]
[SourceDate "2012.05.18"]

1. Nf3 d5 2. g3 c5 3. Bg2 Nf6 4. O-O e6 5. c4 Be7 6. cxd5 exd5 7. d4 c4 8. b3
cxb3 9. Qxb3 Nc6 10. Bg5 O-O 11. Rc1 Na5 12. Qd3 Be6 13. Nc3 a6 14. Na4 Ne4 15.
Bxe7 Qxe7 16. Nb6 Rad8 17. Rab1 Rfe8 18. Nd2 Ng5 19. Rc5 Nc4 20. Ndxc4 dxc4 21.
Qe3 Nh3+ 22. Bxh3 Bxh3 23. Qxe7 Rxe7 24. e3 f5 25. Nxc4 f4 26. gxf4 b5 27. Ne5
Rd6 28. f3 h6 29. Kf2 Be6 30. a3 Rb7 31. h4 Kf8 32. h5 Bf7 33. Nxf7 Kxf7 34. d5
Rdb6 35. e4 a5 36. f5 b4 37. Rxa5 b3 38. Rb2 Rc7 39. Ke3 Rc1 40. Ra7+ Kf8 41.
Ra4 Rc3+ 42. Kd4 Rxf3 43. Rb4 Ra6 44. R2xb3 Rxa3 45. Rb8+ Kf7 46. R8b7+ Kf6 47.
e5+ Kg5 48. Rxf3 Rxf3 49. Rxg7+ 1-0

[Event "Championnat du Gard"]
[Site "?"]
[Date "2012.05.18"]
[Round "?"]
[White "Lenfant, françois"]
[Black "Bauer, Christian"]
[Result "0-1"]
[WhiteElo "2086"]
[BlackElo "2672"]
[PlyCount "68"]
[EventDate "2012.05.18"]
[EventRounds "4"]
[SourceDate "2012.05.18"]

1. d4 d5 2. c4 dxc4 3. Nf3 c6 4. e3 Be6 5. Nc3 Nf6 6. Ne5 b5 7. a4 b4 8. Nb1 c5
9. dxc5 Qxd1+ 10. Kxd1 Ne4 11. Ke1 Nxc5 12. Nd2 f6 13. Nexc4 Nc6 14. Be2 b3 15.
Bf3 Rc8 16. Bxc6+ Rxc6 17. Na5 Rb6 18. Ra3 Bd5 19. e4 Nxe4 20. Nxe4 Bxe4 21. f3
Bd5 22. Be3 e6 23. Bxb6 Bxa3 24. Bd4 Bb4+ 25. Bc3 Bxc3+ 26. bxc3 b2 27. Kd2 Ba2
28. Kc2 b1=Q+ 29. Rxb1 Bxb1+ 30. Kxb1 Kd7 31. Kc2 h5 32. c4 h4 33. Kc3 Rh5 34.
Nb3 Rg5 0-1

[Event "Championnat du Gard"]
[Site "?"]
[Date "2012.05.18"]
[Round "?"]
[White "Montsma, Foppe-Jan"]
[Black "Bouguerra, Tayeb"]
[Result "1/2-1/2"]
[WhiteElo "1947"]
[BlackElo "1972"]
[PlyCount "105"]
[EventDate "2012.05.18"]
[EventRounds "4"]
[SourceDate "2012.05.18"]

1. e4 d6 2. d4 Nf6 3. Nc3 c6 4. g3 Nbd7 5. Bg2 e5 6. Nge2 Be7 7. O-O O-O 8. a4
Qc7 9. Kh1 b6 10. f4 Ba6 11. Re1 Ng4 12. Rf1 exd4 13. Nxd4 Bxf1 14. Qxf1 Bf6
15. Qc4 Nc5 16. Bf3 Bxd4 17. Qxd4 Nf6 18. Bd2 Rad8 19. b4 Ne6 20. Qf2 c5 21.
Nb5 Qb8 22. f5 Nc7 23. Bc3 Nce8 24. Rd1 a6 25. Na3 Qc7 26. Qe2 Nd7 27. Qxa6
cxb4 28. Bxb4 Ne5 29. Bg2 Nf6 30. Qe2 Rfe8 31. Nb5 Qc4 32. Qxc4 Nxc4 33. Rd4 d5
34. Nc7 Re5 35. Nxd5 Nxd5 36. exd5 Ne3 37. Be4 Nxf5 38. Bxf5 Rxf5 39. d6 f6 40.
Rc4 b5 41. axb5 Rxb5 42. c3 Rd7 43. Rc7 Rd8 44. Kg2 Kf8 45. Kf3 h6 46. Ke4 Rg5
47. Rc5 Ke8 48. Rxg5 hxg5 49. Kd5 Kd7 50. c4 Re8 51. Bc3 Re3 52. Bd4 Rf3 53.
Ke4 1/2-1/2

[Event "Championnat du Gard"]
[Site "?"]
[Date "2012.05.18"]
[Round "?"]
[White "Duff, Rufus"]
[Black "Delaplace , Thomas"]
[Result "1-0"]
[WhiteElo "2128"]
[BlackElo "1946"]
[PlyCount "79"]
[EventDate "2012.05.18"]
[EventRounds "4"]
[SourceDate "2012.05.18"]

1. e4 e5 2. Nf3 Nc6 3. Bb5 Nd4 4. Nxd4 exd4 5. O-O g6 6. d3 Bg7 7. h3 Ne7 8.
Bg5 h6 9. Bh4 O-O 10. Qe2 Qe8 11. f4 Nf5 12. Bf2 c6 13. Ba4 d5 14. Qf3 Ne3 15.
Re1 dxe4 16. dxe4 Qd8 17. Bb3 Qa5 18. Na3 Be6 19. Bxe3 dxe3 20. e5 Bxb3 21.
axb3 f6 22. Qxe3 fxe5 23. Nc4 Qd5 24. fxe5 Rae8 25. Rad1 Qe6 26. Qxa7 Re7 27.
Qb6 Qf5 28. Rf1 Qxc2 29. Rxf8+ Bxf8 30. Qd8 Rf7 31. e6 Qf2+ 32. Kh1 Re7 33. Qd6
Qe2 34. Ne5 Kh7 35. Nd7 Re8 36. Nxf8+ Rxf8 37. Qxf8 Qxd1+ 38. Kh2 Qe2 39. Qf6
Qd3 40. e7 1-0

[Event "Championnat du Gard"]
[Site "?"]
[Date "2012.05.18"]
[Round "?"]
[White "Mora, Pascal"]
[Black "Dussol, Pierre"]
[Result "0-1"]
[WhiteElo "2082"]
[BlackElo "2198"]
[PlyCount "80"]
[EventDate "2012.05.18"]
[EventRounds "4"]
[SourceDate "2012.05.18"]

1. e4 Nc6 2. d4 d5 3. e5 f6 4. f4 Bf5 5. c3 Qd7 6. Be2 Be4 7. Nf3 Nh6 8. Be3
Nf5 9. Bf2 e6 10. Nbd2 fxe5 11. fxe5 Be7 12. g4 Bxf3 13. Nxf3 Nh6 14. Rg1 g5
15. Qd2 Nf7 16. h3 O-O-O 17. Nh2 Rhg8 18. Bd3 h6 19. Nf1 Rdf8 20. Ng3 Ncxe5 21.
dxe5 Nxe5 22. Be2 c5 23. Be3 Qa4 24. Qd1 Qa5 25. Bd2 c4 26. Be3 Nc6 27. Rf1 Rd8
28. Kf2 e5 29. Nf5 d4 30. cxd4 exd4 31. Bd2 Qe5 32. Bf3 Qh2+ 33. Bg2 Bc5 34.
Rh1 d3+ 35. Be3 Qf4+ 36. Qf3 Bxe3+ 37. Nxe3 Qd4 38. Kf1 Qxb2 39. Re1 Rgf8 40.
Nf5 d2 0-1

[Event "Championnat du Gard"]
[Site "?"]
[Date "2012.05.19"]
[Round "?"]
[White "Delaplace, Thomas"]
[Black "Mora, Pascal"]
[Result "0-1"]
[WhiteElo "1946"]
[BlackElo "2082"]
[PlyCount "40"]
[EventDate "2012.05.19"]
[SourceDate "2012.05.19"]

1. e4 c5 2. Nf3 e6 3. d4 cxd4 4. Nxd4 Nf6 5. Bd3 Nc6 6. Be3 d5 7. exd5 Nxd5 8.
Nxc6 bxc6 9. Be4 Qc7 10. O-O Bd6 11. Qf3 Bxh2+ 12. Kh1 Be5 13. c4 Ne7 14. Nc3
Rb8 15. Rfe1 f5 16. Bxa7 Rxb2 17. Bxc6+ Nxc6 18. Nb5 Rxb5 19. cxb5 Bxa1 20.
Rxa1 Nxa7 0-1

[Event "Championnat du Gard"]
[Site "?"]
[Date "2012.05.19"]
[Round "?"]
[White "Bouguerra, Tayeb"]
[Black "Duff, Rufus"]
[Result "1/2-1/2"]
[WhiteElo "1972"]
[BlackElo "2128"]
[PlyCount "117"]
[EventDate "2012.05.19"]
[SourceDate "2012.05.19"]

1. d4 Nf6 2. Nc3 d5 3. Nf3 c6 4. h3 Bf5 5. e3 Nbd7 6. Bd3 e6 7. a3 Bd6 8. Qe2
O-O 9. Bxf5 exf5 10. g4 fxg4 11. hxg4 Nxg4 12. Nh4 f5 13. Bd2 b5 14. O-O-O a5
15. Nxf5 Rxf5 16. Qxg4 Rf7 17. e4 b4 18. Bg5 Qxg5+ 19. Qxg5 Bf4+ 20. Qxf4 Rxf4
21. Na4 Rxe4 22. axb4 axb4 23. b3 Rf8 24. Rh2 Rff4 25. Rdh1 h6 26. Rg1 Rg4 27.
Rgg2 Rxg2 28. Rxg2 g5 29. c3 bxc3 30. Nxc3 Rxd4 31. Ne2 Re4 32. f4 Nc5 33. fxg5
Nxb3+ 34. Kb2 Nd4 35. gxh6+ Kh7 36. Nxd4 Rxd4 37. Rc2 Rb4+ 38. Kc1 Rb6 39. Rh2
c5 40. Rh5 Rd6 41. Kd2 Rd8 42. Kd3 Kg6 43. Rh1 Rd7 44. Kd2 Rh7 45. Rc1 c4 46.
Kc3 Rxh6 47. Kd4 Rh5 48. Rf1 Rf5 49. Re1 Kf6 50. Re8 Kg5 51. Re1 Kh5 52. Rg1
Rg5 53. Rf1 Kg6 54. Rf2 Rf5 55. Rg2+ Kf6 56. Re2 Rg5 57. Re8 c3 58. Kxc3 Rg4
59. Kd3 1/2-1/2

[Event "Championnat du Gard"]
[Site "?"]
[Date "2012.05.19"]
[Round "?"]
[White "Bauer, Christian"]
[Black "Montsma, Foppe-Jan"]
[Result "1-0"]
[WhiteElo "2672"]
[BlackElo "1947"]
[Annotator ",Microsoft"]
[PlyCount "75"]
[EventDate "2012.05.19"]
[SourceDate "2012.05.19"]

1. d4 d6 2. e4 Nf6 3. Nc3 e5 4. Nf3 exd4 5. Nxd4 Be7 6. Nde2 O-O 7. g3 d5 8.
exd5 Bb4 9. Bg2 Bg4 10. h3 Bxe2 11. Kxe2 Re8+ 12. Be3 Bc5 13. Re1 Qd6 14. Kf1
Bxe3 15. Rxe3 Rxe3 16. fxe3 Qxg3 17. Qf3 Qd6 18. Qf4 a6 (18... Qxf4+ 19. exf4
Na6 20. a3 Rd8 21. Kf2) 19. Qxd6 cxd6 20. a4 Nbd7 21. a5 Ne5 22. Ra4 Rc8 23.
Rb4 Rc7 24. Kf2 Kf8 25. Bf1 Ke7 26. Be2 h6 27. e4 Kd8 28. Ke3 Ke8 29. Kd4 h5
30. Rb6 Kd7 31. Na2 g6 32. c4 Ne8 33. Nc3 Kc8 34. Na4 Nd7 35. Rb3 Nc5 36. Nb6+
Kd8 37. Re3 Nd7 38. b4 1-0

[Event "Championnat du Gard Poule 1"]
[Site "?"]
[Date "2012.05.19"]
[Round "6"]
[White "Montsma, Foppe-Jan"]
[Black "Duff, Rufus"]
[Result "0-1"]
[WhiteElo "1946"]
[BlackElo "2128"]
[PlyCount "116"]
[EventDate "2012.05.22"]
[SourceDate "2012.05.24"]

1. e4 e5 2. Nf3 Nc6 3. Nc3 Nf6 4. Bb5 Bd6 5. O-O O-O 6. d3 a6 7. Bxc6 dxc6 8.
h3 Nd7 9. Ne2 Nc5 10. Be3 Ne6 11. Qd2 c5 12. c3 Qe8 13. Nh2 f6 14. f4 Nd8 15.
f5 b5 16. g4 Bb7 17. Ng3 Nf7 18. b3 Rd8 19. c4 Be7 20. Rad1 bxc4 21. bxc4 Qa4
22. Nf3 Rd7 23. Qe2 Bc6 24. Rb1 Rdd8 25. Rb3 Rb8 26. Rfb1 Rxb3 27. Rxb3 Bd7 28.
Qb2 Qc6 29. Qd2 Ra8 30. Qb2 Nd8 31. Ne2 Qd6 32. Qd2 Nc6 33. Qb2 Nd4 34. Rb8+
Rxb8 35. Qxb8+ Kf7 36. Nfxd4 cxd4 37. Bd2 Qb6 38. Qxb6 cxb6 39. Nc1 b5 40. cxb5
Bxb5 41. Kf2 Ba3 42. Ke2 Ke7 43. Nb3 Kd6 44. g5 fxg5 45. Bxg5 Bb4 46. h4 a5 47.
Bd2 Bxd2 48. Kxd2 a4 49. Nc1 a3 50. Kc2 Ba4+ 51. Nb3 g6 52. fxg6 hxg6 53. Kb1
Bxb3 54. axb3 Kc5 55. Ka1 Kb4 56. Ka2 Kc3 57. Kxa3 Kxd3 58. b4 Kc4 0-1

[Event "Championnat du Gard Poule 1"]
[Site "?"]
[Date "2012.05.19"]
[Round "6"]
[White "Lenfant, François"]
[Black "Delaplace, Thomas"]
[Result "1-0"]
[WhiteElo "2086"]
[BlackElo "1947"]
[PlyCount "59"]
[EventDate "2012.05.22"]
[SourceDate "2012.05.24"]

1. d4 c6 2. c4 b5 3. e4 bxc4 4. Bxc4 d5 5. exd5 cxd5 6. Bd3 Nf6 7. h3 e6 8. Nf3
Ba6 9. O-O Bxd3 10. Qxd3 Bd6 11. Nc3 Nbd7 12. Re1 Nb6 13. Ne5 Bxe5 14. dxe5
Nfd7 15. Qg3 Rg8 16. b3 Nc5 17. Ba3 Nb7 18. Nb5 a6 19. Nd4 Nc8 20. Nc6 Qd7 21.
Rac1 Nd8 22. Nd4 h6 23. Rc2 Na7 24. Rec1 Rc8 25. Rxc8 Nxc8 26. Qd3 f6 27. Qg6+
Nf7 28. exf6 e5 29. Qh7 Rh8 30. fxg7 1-0

[Event "Championnat du Gard Poule 1"]
[Site "?"]
[Date "2012.05.19"]
[Round "6"]
[White "Bauer, Christian"]
[Black "Dussol, Pierre"]
[Result "1-0"]
[WhiteElo "2672"]
[BlackElo "2198"]
[PlyCount "69"]
[EventDate "2012.05.22"]
[SourceDate "2012.05.24"]

1. e4 g6 2. d4 Bg7 3. Nc3 d6 4. Be3 c6 5. Qd2 Nd7 6. h4 Ngf6 7. f3 h5 8. Nh3 b5
9. Ng5 a6 10. e5 dxe5 11. dxe5 Nxe5 12. Qxd8+ Kxd8 13. Bd4 Ned7 14. Nxf7+ Ke8
15. Nxh8 Bxh8 16. O-O-O c5 17. Bf2 c4 18. a4 Rb8 19. axb5 axb5 20. Ba7 Rb7 21.
Bd4 Bg7 22. g3 e5 23. Be3 e4 24. Nxe4 Nxe4 25. fxe4 Ne5 26. Be2 b4 27. Rd6 b3
28. Rhd1 bxc2 29. Rd8+ Kf7 30. Rf1+ Ke6 31. Rxc8 Nd3+ 32. Bxd3 cxd3 33. Kd2
Rxb2 34. Kxd3 Rb3+ 35. Kd2 1-0

[Event "Championnat du Gard Poule 1"]
[Site "?"]
[Date "2012.05.19"]
[Round "6"]
[White "Mora, Pascal"]
[Black "Bouguerra, Tayeb"]
[Result "1-0"]
[WhiteElo "2084"]
[BlackElo "1972"]
[Annotator ",Microsoft"]
[PlyCount "64"]
[EventDate "2012.05.22"]
[SourceDate "2012.05.24"]

1. e4 d6 2. d4 Nf6 3. Nc3 c6 4. f4 Qa5 5. Bd3 e5 6. dxe5 dxe5 7. f5 Bc5 8. Qe2
Nbd7 9. Bd2 Qc7 10. g4 h6 11. O-O-O b5 12. h4 Bb7 13. Nh3 b4 14. Nb1 Qa5 15. g5
Ng8 16. g6 fxg6 17. fxg6 O-O-O 18. Bc4 Ngf6 19. Nf2 Bxf2 20. Qxf2 Nxe4 21. Qe3
Ndf6 22. Rhf1 Kb8 23. Qb3 c5 24. a3 Nxd2 25. Rxd2 bxa3 26. Rxf6 Rxd2 27. Nxd2
axb2+ 28. Qxb2 gxf6 29. g7 Rd8 30. Bd5 Qc7 31. g8=Q Rxg8 32. Bxg8 Qd8 {Suite
illisible} 1-0

[Event "Championnat du Gard Poule 1"]
[Site "?"]
[Date "2012.05.20"]
[Round "7"]
[White "Dussol, Pierre"]
[Black "Montsma, Foppe-Jan"]
[Result "1-0"]
[WhiteElo "2198"]
[BlackElo "1947"]
[PlyCount "79"]
[EventDate "2012.05.22"]
[SourceDate "2012.05.24"]

1. d4 d6 2. Nf3 g6 3. c4 f5 4. Nc3 Nf6 5. g3 Bg7 6. Bg2 O-O 7. O-O c6 8. Qb3
Kh8 9. Rd1 Na6 10. d5 c5 11. Qc2 Bd7 12. Bf4 Nh5 13. Bd2 Nc7 14. e3 Qe8 15.
Rab1 b5 16. cxb5 Nxb5 17. Nxb5 Bxb5 18. Ng5 Bd7 19. Bc3 Nf6 20. Re1 Rb8 21.
Rbd1 Qc8 22. f3 h6 23. Nh3 g5 24. Nf2 Qa6 25. e4 fxe4 26. fxe4 Ng4 27. Nxg4
Bxg4 28. Bxg7+ Kxg7 29. Qc3+ Kg8 30. Ra1 Qb6 31. h3 Bh5 32. g4 Bg6 33. Re2 Rf4
34. Rae1 Rbf8 35. Qe3 h5 36. gxh5 Bxh5 37. Rc2 Bf3 38. Bxf3 Rxf3 39. Qxg5+ Kf7
40. Qh5+ 1-0

[Event "Championnat du Gard Poule 1"]
[Site "?"]
[Date "2012.05.20"]
[Round "7"]
[White "Duff, Rufus"]
[Black "Mora, Pascal"]
[Result "1/2-1/2"]
[WhiteElo "2128"]
[BlackElo "2082"]
[PlyCount "80"]
[EventDate "2012.05.22"]
[SourceDate "2012.05.24"]

1. e4 c5 2. Nf3 e6 3. d4 cxd4 4. Nxd4 Nf6 5. Nc3 Nc6 6. Ndb5 Bb4 7. a3 Bxc3+ 8.
Nxc3 d5 9. exd5 exd5 10. Bd3 O-O 11. O-O Bg4 12. f3 Be6 13. Bg5 Qb6+ 14. Kh1
Ne5 15. Bxf6 gxf6 16. f4 Nxd3 17. Qxd3 d4 18. Ne2 Rad8 19. b4 Kh8 20. Rad1 Bg4
21. Rd2 Bxe2 22. Rxe2 Qc6 23. Rf3 Qc3 24. Qxc3 dxc3 25. h3 Rd1+ 26. Kh2 Rc8 27.
Ree3 Rd2 28. Rxc3 Rxc2 29. Rxc8+ Rxc8 30. Kg3 Rc2 31. Rd3 Kg7 32. Rd7 Rc3+ 33.
Kg4 Rxa3 34. Rxb7 Rb3 35. b5 Rb4 36. Kf5 h5 37. h4 Rc4 38. g3 Rc3 39. Rxa7 Rc5+
40. Ke4 Rxb5 1/2-1/2

[Event "Championnat du Gard Poule 1"]
[Site "?"]
[Date "2012.05.20"]
[Round "7"]
[White "Delaplace, Thomas"]
[Black "Bauer, Christian"]
[Result "0-1"]
[WhiteElo "1947"]
[BlackElo "2672"]
[PlyCount "40"]
[EventDate "2012.05.22"]
[SourceDate "2012.05.24"]

1. e4 d6 2. d4 Nf6 3. Nc3 g6 4. Bg5 Nbd7 5. f4 h6 6. Bh4 c5 7. e5 Nh5 8. e6
fxe6 9. Qg4 Rg8 10. Qxe6 Rg7 11. O-O-O Nxf4 12. Qe3 cxd4 13. Rxd4 g5 14. Ne4 e5
15. g3 Ne6 16. Be2 Qb6 17. Nf3 exd4 18. Nfxg5 hxg5 19. Bh5+ Kd8 20. Nxg5 Nxg5
0-1